Wymień zwycięzców Ultraligi (zawodnicy) - Statystyki

Ogólne statystyki
  • Ten quiz został rozwiązany 468 razy
  • Średni wynik to 45 z 67
Statystyki odpowiedzi
Zawodnicy % Poprawnych
Woolite
93%
Woolite
93%
Woolite
93%
Pukistyle
91%
HARPOON
90%
HARPOON
90%
Erdote
88%
Erdote
88%
Erdote
88%
Czajek
87%
Czajek
87%
Zero Tenacity Melonik
86%
Zero Tenacity Melonik
86%
Inspired
84%
Delord
83%
Cinkrof
82%
Illuminar Gaming IceBeasto
82%
Sinmivak
82%
AGO ROGUE Sinmivak
82%
AGO ROGUE Sinmivak
82%
K1CK Neosurf iBo
80%
bluerzor
78%
bluerzor
78%
Lucker
78%
Lucker
78%
Lucker
78%
Czekolad
77%
Matislaw
77%
Matislaw
77%
Vander
77%
Kofte
74%
Kofte
74%
Odi11
74%
Larssen
73%
Shlatan
73%
Rogue EC Finn
70%
Roison
70%
PDW Color
67%
Zero Tenacity Color
67%
Humanoid
66%
Mystiques
65%
Mystiques
65%
AGO ROGUE SZYGENDA
65%
Zanzarah
64%
Noah
59%
Czypsy
58%
devils.one Agresivoo
56%
Bruness
56%
Pyrka
53%
Neramin
51%
Orbit Anonymo pr1me
48%
Ryuzaki
46%
Ryuzaki
46%
SlowQ
46%
behave
45%
Sebekx
42%
Wojtus
41%
kubYD
39%
Nite
39%
kabbie
36%
Rabble
35%
Lurox
33%
Vzz
31%
Chres
30%
Savero
30%
Leon
29%
Zero Tenacity mumus100
28%
Nie znaleziono quizów pasujących do podanych kryteriów
Rozkład punktacji
Procent ludzi z każdym wynikiem
Percentyl według liczby udzielonych odpowiedzi
Twoja historia wyników
Nie rozwiązałeś tego quizu